Normal view
MARC view
- Soviet Society
Entry Topical Term
001 - CONTROL NUMBER
- control field: 109884
003 - CONTROL NUMBER IDENTIFIER
- control field: NUST
005 - DATE AND TIME OF LATEST TRANSACTION
- control field: 20230306133043.0
008 - FIXED-LENGTH DATA ELEMENTS
- fixed length control field: 230306|| aca||aabn | a|a d
040 ## - CATALOGING SOURCE
- Original cataloging agency: NUST
- Transcribing agency: NUST
150 ## - HEADING--TOPICAL TERM
- Topical term or geographic name entry element: Soviet Society
670 ## - SOURCE DATA FOUND
- Source citation: Work cat.: (NUST)184517: Rostow W.W 50276, The Dynamics of Soviet Society /
